Fraternidad en el mundo: un estudio de eclesiología paulina

Uloženo v:
Podrobná bibliografie
Hlavní autor: Legido López, Marcelino (Autor)
Médium: Kniha
Jazyk:španělština
Vydáno: Salamanca Sígueme 1982
Edice:Biblioteca de Estudios Bíblicos, 34
Témata:
Tagy: Přidat tag
Žádné tagy, Buďte první, kdo vytvoří štítek k tomuto záznamu!

MARC

LEADER 00000nam a2200000 a 4500
001 UCR1813
003 CL-VaPUC
008 971219e19820000SP |||||||||||||||||spa|d
082 0 4 |a 260  |b LEG  |2 21 
100 0 |a Legido López, Marcelino  |e author  |9 399328 
245 1 0 |a Fraternidad en el mundo: un estudio de eclesiología paulina 
300 |a 434 p 
942 |c BK 
945 |d 19971219 00:00:00  |a jquezada 
260 |a Salamanca  |b Sígueme  |c 1982 
600 0 |a Iglesia católica  |9 255129 
650 0 |a Teología social  |9 326726 
650 0 |a Eclesiología   |9 366152 
650 0 |a Familias   |9 255641 
650 7 |a HUMANIDAD  |2 CL-VaPUC  |9 309969 
650 0 |a Fraternidad  |9 399329 
583 |a last modification  |c 19971219 00:00:00  |k Rodrigo Vera 
490 0 |a Biblioteca de Estudios Bíblicos, 34 
999 |c 265176  |d 265174 
952 |0 0  |1 0  |4 0  |6 260_000000000000000_LEG_1982  |7 0  |8 A  |9 296001  |a BIBTEO  |b BIBTEO  |d 2019-11-20  |i 3373371  |o 260 LEG 1982  |p 3373371  |r 2025-01-17  |w 2019-11-20  |y BK  |k ICR